Statistics for 1960s Best Picture Oscar Nominees - Multiple Choice

Click here to take the quiz!

General Stats

  • This quiz has been taken 60 times
    (59 since last reset)
  • The average score is 7 of 10

Answer Stats

QuestionAnswer% Correct
Which 1965 Best Picture nominee lost to The Sound of Music?Doctor Zhivago
96%
Which 1967 Best Picture nominee lost to In the Heat of the Night?The Graduate
88%
Which 1962 Best Picture nominee lost to Lawrence of Arabia?To Kill a Mockingbird
86%
Which 1966 Best Picture nominee lost to A Man for All Seasons?Alfie
78%
Which 1964 Best Picture nominee lost to My Fair Lady?Dr. Strangelove
75%
Which 1961 Best Picture nominee lost to West Side Story?The Hustler
75%
Which 1969 Best Picture nominee lost to Midnight Cowboy?Butch Cassidy and the Sundance Kid
73%
Which 1963 Best Picture nominee lost to Tom Jones?Cleopatra
73%
Which 1968 Best Picture nominee lost to Oliver!?Funny Girl
67%
Which 1960 Best Picture nominee lost to The Apartment?Sons and Lovers
22%

Score Distribution

Percentile by Number Answered

Percent of People with Each Score

Your Score History

You have not taken this quiz since the last reset